¿Qué pasó ayer? Parte 2 /
Con la esperanza de evitar el caos que marcó su despedida de soltero en Las Vegas, Stu opta por lo que él cree que será una celebración tranquila en Tailandia.
Guardado en:
| Autor Principal: | |
|---|---|
| Autor Corporativo: | |
| Otros Autores: | , , |
| Formato: | |
| Idioma: | Undetermined |
| Publicado: |
Estados Unidos :
Warner Bros.,
2011.
|
| Materias: | |
| Etiquetas: |
Agregar Etiqueta
Sin Etiquetas, Sea el primero en etiquetar este registro!
|
| LEADER | 01056ngm a22002415a 4500 | ||
|---|---|---|---|
| 001 | CEM.cems020645 | ||
| 008 | 231115s2011####xx#---############vlund#d | ||
| 005 | 20231122182520.0 | ||
| 245 | 1 | 0 | |a ¿Qué pasó ayer? |h [videograbación] : |b Parte 2 / |c Todd Phillips. |
| 260 | |a Estados Unidos : |b Warner Bros., |c 2011. | ||
| 300 | |a 97'. | ||
| 520 | |a Con la esperanza de evitar el caos que marcó su despedida de soltero en Las Vegas, Stu opta por lo que él cree que será una celebración tranquila en Tailandia. | ||
| 590 | |a Identificación anterior: 283 | ||
| 538 | |a Soporte: DVD -- Formato: AVI Peso: 789mb -- Resolución: 640 x 274 -- 25 fps | ||
| 500 | |a Título original: The Hangover Part II Idioma: Inglés Subtítulos: Español. | ||
| 100 | 1 | |a Phillips, Todd. | |
| 700 | 1 | |a Cooper, Bradley; Reparto. | |
| 700 | 1 | |a Helms, Ed; Reparto. | |
| 700 | 1 | |a Galifianakis, Zach; Reparto. | |
| 710 | 2 | |a Legendary Pictures. | |
| 653 | |a FICCIÓN | ||
| 653 | |a LARGOMETRAJE | ||
| 859 | |a CEMS |b BIB. CEMS - Depto. Recursos Didacticos |h 778.5 |i TOD-1 |k DRD |p 3224.23 |t Ej.1 | ||
